| 000 | 00520nam a22001817a 4500 | ||
|---|---|---|---|
| 001 | BD-DhSAU 6434 | ||
| 003 | BD-DhSAU | ||
| 005 | 20150508163436.0 | ||
| 008 | 150508b1984 ja a|||| |||| 00| 0 eng d | ||
| 040 | _aBD-DhSAU | ||
| 082 |
_222 _a630.9 _bALB |
||
| 100 | _aAli, A. H. M. Altaf | ||
| 245 |
_aBangladesh agriculture : _b its potential and development _cby A. H. M. Altaf Ali |
||
| 260 |
_aJapan : _bAFIC , _cc1984. |
||
| 300 |
_aiv, 131 p.: _bill. ; _c25 cm. |
||
| 590 | _aIMRAN | ||
| 650 |
_aAgriculture _zBangladesh |
||
| 942 |
_2ddc _cBOOK |
||
| 999 |
_c6434 _d6434 |
||